Sbírka příkladů ke cvičení z ekonomiky služeb
Salvato in:
| Autore principale: | |
|---|---|
| Ente Autore: | |
| Natura: | Libro |
| Lingua: | ceco |
| Pubblicazione: |
Praha
Vysoká škola ekonomická
1985
|
| Tags: |
Nessun Tag, puoi essere il primo ad aggiungerne!!
|
MARC
| LEADER | 00000nam a2200000 4500 | ||
|---|---|---|---|
| 001 | c105066 | ||
| 005 | 20190423104446.9 | ||
| 041 | 0 | |a cze | |
| 044 | |a CZ | ||
| 245 | 1 | 0 | |a Sbírka příkladů ke cvičení z ekonomiky služeb |c Marika Konečná |
| 264 | 1 | |a Praha |b Vysoká škola ekonomická |c 1985 | |
| 300 | |a 48 s. | ||
| 100 | 1 | |a Konečná, Marika | |
| 710 | 2 | |a Vysoká škola ekonomická v Praze. Obchodní fakulta | |